Paradise - Coldplay - All Lyrics - Statistics

General Stats
  • This quiz has been taken 514 times
  • The average score is 191 of 243
Answer Stats
Answer % Correct
a
97%
Oh,
96%
"Oh,
96%
oh-oh,
96%
oh-oh
96%
oh-oh-oh
96%
Oh-oh-oh
96%
oh-oh-oh-oh,
96%
Ooh-ooh-ooh,
96%
ooh-ooh-ooh,
96%
ooh-ooh-ooh
96%
para-
96%
Para-
96%
paradise
96%
I
95%
she
95%
She
95%
the
95%
The
95%
girl
94%
just
93%
was
93%
When
93%
world
93%
her
89%
But
88%
dream
87%
away
86%
expected
86%
it
85%
in
84%
In
84%
from
82%
So
81%
so
81%
And
80%
close
78%
eyes
78%
of
78%
flew
76%
Every
74%
on,
73%
night,
70%
Life
69%
reach
69%
sleep
69%
ran
68%
time
68%
closed
67%
goes
65%
dreamed
64%
fly
63%
stormy
63%
heavy
62%
gets
60%
butterfly
59%
to
55%
she'd
51%
She’d
51%
tear,
49%
be
47%
waterfall
44%
could
40%
teeth
39%
said,
38%
know
37%
breaks
36%
bullets
36%
catch
36%
This
36%
wheel
34%
set
32%
sun
32%
rise"
31%
skies
31%
La,
27%
la-la,
27%
la-la
27%
la-la-la
27%
la-la-la,
27%
underneath
25%
lying
24%
those
24%
must
20%
No matching quizzes found
Score Distribution
Percent of People with Each Score
Percentile by Number Answered
Your Score History
You have not taken this quiz